Language Quiz

Random Language or Food Quiz

Spanish - Food / Drink Quiz Stats

 Plays Quiz not verified by Sporcle

Score 0/34 Timer 05:00
0 Plays Today
Spanish English % Correct
Fruta Fruit
95.7%
Pollo Chicken
94.4%
AguaWater
93.7%
Ensalada Salad
93.5%
CarneBeef
92.3%
PanBread
91.7%
LecheMilk
91.2%
SopaSoup
90.7%
LimonadaLemonade
90.6%
CaféCoffee
90.5%
Bebida Drink
89.5%
Comida Food
89.3%
HuevosEggs
89.3%
JamónHam
88.5%
Zumo de naranjaOrange juice
88.1%
Zumo de tomateTomato juice
87.8%
Tea
87.1%
Spanish English % Correct
DesayunoBreakfast
86.9%
PiñaPineapple
86.8%
PatataPotato
86%
Zumo de manzanaApple juice
85.5%
Chocolate calienteHot chocolate
84.1%
Zumo de piñaPineapple juice
82.9%
AlmuerzoLunch
82.8%
VinoWine
80.6%
SalSalt
80.5%
CenaDinner
79.2%
Azúcar Sugar
78.1%
FresaStrawberry
77.7%
Zumo de uvaGrape juice
76.8%
CervezaBeer
73.7%
CebollaOnion
69.7%
PostreDessert
68.3%
SidraCider
47.5%

You're not logged in!

Compare scores with friends on all Sporcle quizzes.
OR
Log In

Show Comments

Extras

Top Quizzes Today


Score Distribution

Your Account Isn't Verified!

In order to create a playlist on Sporcle, you need to verify the email address you used during registration. Go to your Sporcle Settings to finish the process.

Report this User

Report this user for behavior that violates our Community Guidelines.

Details: